000 01036nam a2200229Ia 4500
999 _c39020
_d39020
001 5530
003 GE_BSU
005 20190605204140.0
008 181216s1981||||ge |||||||||||||| ||geo||
040 _cGE_BSU
041 _ageo
080 _a691(076) ბ-97
100 _aბურჭულაძე, შ.
_9708
245 _aსაშენი მასალების ლაბორატორიული სამუშაოები :
_bდამხმ. სახელმძღ. /
_c შ. ბურჭულაძე, ი. ქვლივიძე ; რედ. ა. ტატიშვილი.
264 _aთბილისი :
_bმეცნიერება,
_c1981.
300 _a133 გვ. :
_bილ. ;
_c20 სმ.
504 _aბიბლიოგრ. : გვ.128-129.
653 _aსაშენი მასალები
700 _aქვლივიძე, ი.
_eავტორი
_9710
700 _aტატიშვილი, ა.
_eრედაქტორი
_9711
942 _cBK
_2udc